El catolicismo y la cultura frente a los nuevos tiempos (Record no. 34418)

MARC details
000 -LEADER
campo de control de longitud fija 00631nam a2200181 i 4500
001 - NÚMERO DE CONTROL
campo de control 34418
003 - IDENTIFICADOR DE NÚMERO DE CONTROL
campo de control ES-MaACL
007 - CAMPO FIJO DE DESCRIPCIÓN FÍSICA--INFORMACIÓN GENERAL
campo de control de longitud fija t|
008 - DATOS DE LONGITUD FIJA--INFORMACIÓN GENERAL
campo de control de longitud fija 030207q1943 sp ||||1| spa d
100 1# - ENTRADA PRINCIPAL--NOMBRE DE PERSONA
Nombre de persona Bonet, Alberto.
9 (RLIN) 30110
245 13 - MENCIÓN DEL TÍTULO
Título El catolicismo y la cultura frente a los nuevos tiempos
Resto del título : contribución del pensamiento español a la idea de la libertad... /
Mención de responsabilidad, etc. Alberto Bonet.
260 ## - PUBLICACIÓN, DISTRIBUCIÓN, ETC.
Lugar de publicación, distribución, etc. Barcelona :
Nombre del editor, distribuidor, etc. Borna,
Fecha de publicación, distribución, etc. [1943?] (
Fabricante Emporium)
300 ## - DESCRIPCIÓN FÍSICA
Extensión 190 p. ;
Dimensiones 19 cm.
490 1# - MENCIÓN DE SERIE
Mención de serie Summa. Filosófico-teológica
830 0# - PUNTO DE ACCESO ADICIONAL DE SERIE-TÍTULO UNIFORME
Título uniforme Summa. Filosófico-teológica
9 (RLIN) 229492
852 ## - LOCALIZACIÓN
Ubicación ES-MaACL
Número de control de estantería C-6066
Sublocalización o colección R.34757
Holdings
Estatus retirado Estado de pérdida Estado de daño No para préstamo Biblioteca de origen Biblioteca actual Ubicación en estantería Fecha de adquisición Fuente de adquisición Total de préstamos Signatura topográfica completa Código de barras Visto por última vez Precio de reemplazo Tipo de ítem Koha
        Biblioteca del Ateneo de Madrid Biblioteca del Ateneo de Madrid Sala Palomar 17/01/2008     C-6066 1035901 23/02/2023 23/02/2023 Libro impreso